Normal view
MARC view
- التعليم الخاص-بحوث
Entry Topical Term
001 - CONTROL NUMBER
- control field: 44596
003 - CONTROL NUMBER IDENTIFIER
- control field: JO-AjAnu
005 - DATE AND TIME OF LATEST TRANSACTION
- control field: 20230606081401.0
008 - FIXED-LENGTH DATA ELEMENTS
- fixed length control field: 230606|| aca||aabn | a|a d
040 ## - CATALOGING SOURCE
- Original cataloging agency: JO-AjAnu
- Transcribing agency: JO-AjAnu
150 ## - HEADING--TOPICAL TERM
- Topical term or geographic name entry element: التعليم الخاص-بحوث
670 ## - SOURCE DATA FOUND
- Source citation: Work cat.: (JO-AjAnu)22835: الشربيني، كامل منصور مؤلف/خليفة،وليد السيد أحمد, author 44595, الإتجاهات الحديثة في بحوث ودراسات التربية الخاصة